| 000 | 00703nam a2200241 a 4500 | ||
|---|---|---|---|
| 001 | 12762 | ||
| 003 | BD-JhCC | ||
| 005 | 20230510164405.0 | ||
| 008 | 230510b2020 bg a|||| ||a| 00| 0 ben d | ||
| 020 | _a9789848179000 | ||
| 035 | _a(BD-JhCC)12762 | ||
| 040 |
_aBD-JhCC _dBD-JhCC |
||
| 041 | _aBengali | ||
| 082 |
_a923.1 _bMOW 2020 |
||
| 100 | _aমাওলা ,আহমেদ | ||
| 245 |
_aবঙ্গবন্ধুর ছেলেবেলা / _cআহমেদ মাওলা। |
||
| 260 |
_aঢাকা : _bতাম্রলিপি ; _c২০২০. |
||
| 300 |
_a71 p. : _bill; _c22 cm. |
||
| 600 | _aBangabandhu | ||
| 650 | _aBiography | ||
| 942 |
_2ddc _cBK |
||
| 999 |
_c12762 _d12762 |
||